00496nam a22001697a 450000500170000000800430001702000150006005000210007510000230009624500530011925000110017226000430018330000240022649000260025065000240027670000260030020240826124820.0240826b mx |||||||| |||| 00| 0 spa d a970641116X04aQA39.2bA43 19971 aAldape, Alejandro.10aMatemáticasc/ Alejandro Aldape, Carlos Toral. a1a ed. aMéxico :bEditorial Progreso,c1997. av. :bil. ;c23 cm.0 aDígital Secundaria. 72lembaMatemáticas1 aToral, Carlos,eautor